NBA Players Who Never Was On A 2K Cover - Statistics

General Stats
  • This quiz has been taken 181 times
  • The average score is 7 of 32
Answers on the Grid
Answers color-coded by a green-red scale on the quiz's grid according to % correct below.
LeBron James
Tracy McGrady
Ben Simmons
Kevin Garnett
Jason Kidd
Anthony Davis
Dikembe Mutumbo
Kobe Bryant
Russell Westbrook
Kevin Durant
Dennis Schroder
Julius Erving
Shai Gilgeous-Alexander
Kawhi Leonard
Ben Wallace
Stephen Curry
Dwight Howard
Allen Iverson
Steve Nash
Giannis Antetokounmpo
Michael Jordan
Rudy Gobert
Luka Doncic
Penny Hardaway
Shaquille O'Neal
Jayson Tatum
Tim Duncan
Paul George
Charles Barkley
Dirk Nowzkiti
Damian Lillard
Jerry West
Zion Williamson
David Robinson
Kyrie Irving
DeMar DeRozan
John Wall
Pau Gasol
Joel Embiid
James Harden
Tony Parker
Anthony Edwards
Dwyane Wade
Reggie Miller
Blake Griffen
Derrick Rose
Paul Pierce
Magic Johnson
Cade Cunningham
Chris Paul
Kareem Abdul-Jabbar
Rasheed Wallace
Carmelo Anthony
Jaylen Brown
 
Answer Stats
Answer % Correct
LeBron James
60%
Ben Simmons
53%
Anthony Davis
38%
Kobe Bryant
38%
Kevin Garnett
37%
Kevin Durant
32%
Stephen Curry
31%
Shai Gilgeous-Alexander
28%
Giannis Antetokounmpo
26%
Michael Jordan
26%
Allen Iverson
25%
Luka Doncic
25%
Zion Williamson
25%
Paul George
24%
James Harden
22%
Jayson Tatum
22%
Shaquille O'Neal
22%
Ben Wallace
21%
Chris Paul
21%
Blake Griffen
19%
Damian Lillard
19%
Kyrie Irving
19%
Derrick Rose
18%
Dwyane Wade
16%
Carmelo Anthony
15%
Dennis Schroder
13%
Dirk Nowzkiti
12%
Magic Johnson
12%
Kareem Abdul-Jabbar
9%
DeMar DeRozan
6%
Tony Parker
6%
Pau Gasol
4%
No matching quizzes found
Score Distribution
Percent of People with Each Score
Percentile by Number Answered
Your Score History
You have not taken this quiz